ՀՀ Գիտությունների ազգային ակադեմիայի հիմնարար գիտական գրադարան  =   Fundamental Scientific Library of NAS RA

Тектоника и газонефтеносность юго-востока Бухаро-Каршинской системы структур / (Record no. 519376)

MARC details
000 -LEADER
fixed length control field 01054-am-a2200217-a-4500
001 - CONTROL NUMBER
control field YSU0171552
003 - CONTROL NUMBER IDENTIFIER
control field AM-YEHGA
005 - DATE AND TIME OF LATEST TRANSACTION
control field 20250617164206.0
008 - FIXED-LENGTH DATA ELEMENTS--GENERAL INFORMATION
fixed length control field 990511s1962 xxu 000 0 rus u
020 ## - INTERNATIONAL STANDARD BOOK NUMBER
Terms of availability 00.92
040 ## - CATALOGING SOURCE
Original cataloging agency AM-YeHGA
090 ## - LOCALLY ASSIGNED LC-TYPE CALL NUMBER (OCLC); LOCAL CALL NUMBER (RLIN)
-- 522938
100 10 - MAIN ENTRY--PERSONAL NAME
Personal name Умаров, А.
245 10 - TITLE STATEMENT
Title Тектоника и газонефтеносность юго-востока Бухаро-Каршинской системы структур /
Statement of responsibility, etc. А. Умаров ; Отв. ред. О.А. Рыжков ; АН Узбекской ССР. Ин-т геологии и разработки нефтяных и газовых месторождений
260 0# - PUBLICATION, DISTRIBUTION, ETC.
Place of publication, distribution, etc. Ташкент :
Name of publisher, distributor, etc. АН Узбекской ССР ,
Date of publication, distribution, etc. 1962.
300 ## - PHYSICAL DESCRIPTION
Extent 162 с.
545 ## - BIOGRAPHICAL OR HISTORICAL DATA
Biographical or historical data Парал. загл. на узбекском яз.
650 #4 - SUBJECT ADDED ENTRY--TOPICAL TERM
Topical term or geographic name entry element Текстоника
700 1# - ADDED ENTRY--PERSONAL NAME
Personal name Рыжков, О.А.
Relationship edt
710 2# - ADDED ENTRY--CORPORATE NAME
Corporate name or jurisdiction name as entry element Ин-т геологии и разработки нефтяных и газовых месторождений АН Узбекской ССР
Holdings
Withdrawn status Lost status Source of classification or shelving scheme Damaged status Not for loan Collection Home library Current library Date acquired Total checkouts Full call number Barcode Date last seen Price effective from Koha item type Public note
    Universal Decimal Classification     General Fundamental Scientific Library Fundamental Scientific Library 08/11/2021   PII/66291 FL0654896 08/11/2021 08/11/2021 Գրքեր / Books 30 Days Loan
    Universal Decimal Classification     General Fundamental Scientific Library Fundamental Scientific Library 16/11/2021   PII/67001 FL0665474 16/11/2021 16/11/2021 Գրքեր / Books 30 Days Loan


ՀՀ ԳԱԱ հիմնարար գիտական գրադարան
ՀՀ,Երևան 0019
Մարշալ Բաղրամյան 24/6
հեռախոս:(374-10) 52-47-50
Հետադարձ կապ

All site content, except where otherwise noted, is licensed under a
Creative Commons License